000 00393nam a2200157Ia 4500
008 230711s9999||||xx |||||||||||||| ||und||
020 _a81-902320-5-3
041 _aENG
082 _a630
100 _aPandey, A.K.
245 0 _aPattiwali Sabjiyan (In Hindi) ( price Printed)
260 _c2005
_aNew Delhi
_bResearchco Book Centre
300 _a222p.
650 _aAgriculture
942 _cBK
999 _c7584
_d7584